000 00721nam a2200181 4500
005 20260327203915.0
008 -
020 _a9789968090100 (tomo 2)
040 _aBiblioteca LadoV Teorética
_cBiblioteca LadoV Teorética
_erda
082 0 4 _a707
_bS563a
100 1 _aSibaja Hidalgo, Antonieta
245 1 0 _aActuar en territorios frágiles :
_bUna cartografía de la educación en el arte en Centroamérica /
_cpor Antonieta Sibaja Hidalgo
260 1 _aCosta Rica :
_bMuseo de Arte y Diseño Contemporáneo,
_c2024
300 _a99 páginas :
_bilustraciones, fotografías ;
_c9.5 x 9.25 cm.
490 0 _aActuar en territorios frágiles
_vtomo 2
650 0 _aArte - Enseñanza -América Central.
942 _2ddc
_c1
_n0
999 _c4623
_d4623